Normal view
MARC view
Entry Topical Term
001 - CONTROL NUMBER
- control field: 1542
003 - CONTROL NUMBER IDENTIFIER
- control field: OSt
005 - DATE AND TIME OF LATEST TRANSACTION
- control field: 20190212122027.0
008 - FIXED-LENGTH DATA ELEMENTS
- fixed length control field: 190212|| aca||aabn | a|a d
040 ## - CATALOGING SOURCE
- Original cataloging agency: OSt
- Transcribing agency: OSt
150 ## - HEADING--TOPICAL TERM
- Topical term or geographic name entry element: Pradhan Mantri Awaas Yojana
670 ## - SOURCE DATA FOUND
- Source citation: Work cat.: (OSt): Bhanumurthy, N.R. 1541, PMAY-grameen:, 2018
